|
|
|
|
| LEADER |
01351nam a22002897a 4500 |
| 001 |
29790 |
| 003 |
BD-DhAAL |
| 005 |
20160626110039.0 |
| 008 |
160626s2014 bg 000 p ben |
| 020 |
|
|
|a 9789849078586
|
| 040 |
|
|
|a BD-DhAAL
|c BD-DhAAL
|
| 041 |
|
|
|a ben
|
| 082 |
0 |
0 |
|a 891.44
|
| 100 |
1 |
|
|a শাহ, শিতালং
|9 19708
|
| 245 |
0 |
0 |
|a মশকিল তরান /
|c শিতালং শাহ; সংগ্রহ, লিপ্যন্তর ও সম্পাদনা মো. আব্দুল মান্নান এবং মোস্তফা সেলিম।
|
| 260 |
|
|
|a ঢাকাঃ
|b উৎস প্রকাশন,
|c ২০১৪
|
| 300 |
|
|
|a ৩৮২ পৃষ্ঠা ;
|c ২৫ সে মি
|
| 490 |
|
|
|a নাগরী গ্রন্থসম্ভার
|v ১৪
|
| 504 |
|
|
|6 তথ্যসূত্র অন্তর্ভূক্ত [ ভূমিকা ২৬]
|
| 526 |
|
|
|a AAL
|
| 541 |
|
|
|e 29790
|
| 650 |
|
0 |
|a Islamic poetry, Bengali
|9 19709
|
| 700 |
1 |
|
|a মান্নান, মো. আব্দুল
|9 19710
|
| 700 |
1 |
|
|a সেলিম, মোস্তফা
|9 19711
|
| 942 |
|
|
|2 ddc
|c BK
|
| 999 |
|
|
|c 37621
|d 37621
|
| 952 |
|
|
|0 0
|1 0
|2 ddc
|4 0
|6 891_440000000000000_SHA
|7 0
|9 59176
|a BRACUL
|b BRACUL
|c GEN
|d 2016-06-26
|e BRAC Center
|g 400.00
|l 0
|o 891.44 SHA
|p 3010029790
|r 2016-06-26
|t 1
|w 2016-06-26
|y BK
|